01011nas a2200229Ia 4500001001100000003000900011008004100020040001300061040001300074041001300087100004400100210002900144222002900173245009900202250001100301260004200312501008600354300001700440362002600457500026200483650003600745R055/F1632IT-RoPAU151124c99999999xx |||||||||||| ||und|| aIT-RoPAU cIT-RoPAU aITALIANO aMosca UmbertogCodice Aut. SPICS: 35760 aPANORAMICHE PANORAMIQUES aPanoramiche Panoramiques aPANORAMICHE, ANNO 09-N.19 (1998)bMessico E Nuvole: Cinque Film di Emilio "El Indio" Fernandez a1a ed. aVALLE D'AOSTAbREGIONE AUTONOMAc1998 bPaulus - SPICS - Società San Paolo EM (non-commercial uses only)cCopyright2015 a5 p. [47-51] aANNO 009, N.19 (1998) aRetrospettiva a Torino Giovani Sul Regista Messicano. Quello di Fernandez è un Cinema di Grandi Personaggi Femminili a Partire Proprio da Flor Silvestre (1943) con Dolores del Rio, Maria Candelaria (1943), Enamorada (1946),Pueblerina (1948), Victimas del  aCINEMAvPUBBLICAZIONE PERIODICA